000 00540 a2200193 4500
005 20260401120431.0
008 260324b |||||||| |||| 00| 0 eng d
020 _a9780750623803
_c£ 43.99
040 _aMAIN
082 _a647.94
_bK635E
100 _aKirk, David
245 _aEnvironmental management for hotels: A student's handbook
260 _bRoutledge
_c1996
_aNew Delhi
300 _aviii, 131
650 _aHotel Management
650 _aFamily Management
650 _aManagement of Public Households
942 _cBK
999 _c395646
_d395646